Merlin series cast - Statistics

General Stats
  • This quiz has been taken 77 times
  • The average score is 13 of 29
Answer Stats
actor role % Correct
Colin Morgan Merlin
100%
Bradley James Arthur
97%
Katie McGrath Morgana
94%
Angel Coulby Gwen
91%
Richard Wilson Gaius
81%
Eoin Macken Gwaine
81%
Santiago Cabrera Lancelot
75%
Asa Butterfield Mordred
75%
Alexander Vlahos Mordred
75%
Emilia Fox Morgause
64%
Tomiwa Edun Elyan
61%
John Hurt Dragon
58%
Anthony Head Uther Pendragon
57%
Rupert Young Sir Leon
54%
Tom Ellis Cenred
48%
Tom Hopper Sir Percival
48%
Nathaniel Parker Agravaine
37%
Caroline Faber Hunith
34%
Michelle Ryan Nimueh
28%
Sarah Parish Lady Catrina
19%
Alice Patten Ygraine
18%
Michael Cronin Geoffrey
12%
Adam Godley Jonas
12%
Gary Lewis Alator
6%
terence Maynard Helios
6%
David Durham Tom
6%
Zee Asha Audrey
3%
Trevor Sellers Iseldir
3%
Fintan McKeown King Odin
3%
No matching quizzes found
Score Distribution
Percent of People with Each Score
Percentile by Number Answered
Your Score History
You have not taken this quiz